International Financial Statistics Yearbook, 2015.

This paper presents the International Financial Statistics (IFS) 2015 yearbook. The monthly printed issue of IFS reports current monthly, quarterly, and annual data, while the yearbook reports 12 observations of annual data. Most annual data on the CD-ROM and Internet begin in 1948; quarterly and mo...

Ausführliche Beschreibung

Bibliographische Detailangaben
Körperschaft: International Monetary Fund. Statistics Dept
Format: Zeitschrift
Sprache:English
Veröffentlicht: Washington, D.C. : International Monetary Fund, 2015.
Schriftenreihe:International Financial Statistics; International Financial Statistics ; No. 2015/013
Online Zugang:Full text available on IMF
LEADER 02031cas a2200241 a 4500
001 AALejournalIMF015283
008 230101c9999 xx r poo 0 0eng d
020 |c 50.00 USD 
020 |z 9781513573243 
022 |a 0252-3027 
040 |a BD-DhAAL  |c BD-DhAAL 
110 2 |a International Monetary Fund.  |b Statistics Dept. 
245 1 0 |a International Financial Statistics Yearbook, 2015. 
264 1 |a Washington, D.C. :  |b International Monetary Fund,  |c 2015. 
300 |a 1 online resource (1215 pages) 
490 1 |a International Financial Statistics 
500 |a <strong>Off-Campus Access:</strong> No User ID or Password Required 
500 |a <strong>On-Campus Access:</strong> No User ID or Password Required 
506 |a Electronic access restricted to authorized BRAC University faculty, staff and students 
520 3 |a This paper presents the International Financial Statistics (IFS) 2015 yearbook. The monthly printed issue of IFS reports current monthly, quarterly, and annual data, while the yearbook reports 12 observations of annual data. Most annual data on the CD-ROM and Internet begin in 1948; quarterly and monthly data generally begin in 1957; most balance-of-payments data begin in 1970. The different sections describe conceptual and technical aspects of various data published in IFS. The reader will find more detailed descriptions-about coverage, deviations from the standard methodologies, and discontinuities in the data-in the footnotes in the individual country and world tables in the monthly and yearbook issues of IFS, in the Print_Me file on the CD-ROM, and in the PDF pages on the Internet. Data on members' Fund accounts are presented in the Fund Position section in the country tables and in four world tables. 
538 |a Mode of access: Internet 
830 0 |a International Financial Statistics; International Financial Statistics ;  |v No. 2015/013 
856 4 0 |z Full text available on IMF  |u http://elibrary.imf.org/view/books/041/22593-9781513573243-en/22593-9781513573243-en-book.xml  |z IMF e-Library